000 01175nam a22003377a 4500
003 CHAP
005 20220329134419.0
008 971013s1973 r 00010 d
010 _a20159
011 _a21131
035 _a25220
040 _cCHAP
090 _aTesis
100 0 0 _aAraiza Chavez, Javier.
_96461
245 _aDeterminación del período crítico de competencia de malezas y maíz tardío, para la región de General Escobedo, N.L.
260 _aMonterrey, N.L. :
_bEl autor,
_c1973
300 _a32 h.
_b; gráfs
502 _aTesis (Ing. Agrónomo) -- Univ. Autónoma de Nuevo León. Fac. de Agronomía
590 _aALEPH
_b10
_c20130110
_lUCH01
_h1243
590 _aBATCH-UPD
_b10
_c20130110
_lUCH01
_h0057
590 _aBATCH-UPD
_b10
_c20130110
_lUCH01
_h1320
590 _aBATCH-UPD
_b10
_c20130410
_lUCH01
_h0830
590 _aBATCH-UPD
_b10
_c20130914
_lUCH01
_h1741
590 _aCONVERSION
_b10
_c20130109
_lUCH01
_h1312
650 1 4 _aMaíz
_xMalas hierbas
_xControl.
_971003
650 1 4 _aMalas hierbas
_xCompetencia.
_970009
650 1 4 _aPlantas
_xCompetencia.
_988798
901 _aBK
942 _cTESIS
949 _bBC
_cTES
_d-58124
_eTS1
_i25220
_si
999 _c20159
_d20159